000 00179nam a2200073Ia 4500
008 170817s9999 xx 000 0 und d
100 _aBALA RAJNI
245 0 _aEDCATION PLANNING & DEVLOPMENT
260 _bALFA PUB.
999 _c37604
_d37604